Cover plants in rubber cultivation (Record no. 56478)

MARC details
000 -LEADER
fixed length control field 00403nam a2200157Ia 4500
100 ## - MAIN ENTRY--AUTHOR NAME
Personal name George C M
245 #0 - TITLE STATEMENT
Title Cover plants in rubber cultivation
260 ## - PUBLICATION, DISTRIBUTION, ETC. (IMPRINT)
Name of publisher Rubber Board Bulletin
Year of publication 1962
300 ## - PHYSICAL DESCRIPTION
Number of Pages 127-136
650 ## - SUBJECT ADDED ENTRY--TOPICAL TERM
Topical Term Cover crops
650 ## - SUBJECT ADDED ENTRY--TOPICAL TERM
Topical Term Cover plants
650 ## - SUBJECT ADDED ENTRY--TOPICAL TERM
Topical Term Pueraria phaseoloides
650 ## - SUBJECT ADDED ENTRY--TOPICAL TERM
Topical Term Rubber cultivation
942 ## - ADDED ENTRY ELEMENTS (KOHA)
Koha item type Journals
Holdings
Withdrawn status Lost status Damaged status Not for loan Home library Current library Shelving location Date acquired Serial Enumeration / chronology Koha item type
      Journals RRII Library RRII Library Soils and agonomy 17/12/2021 Volume 5, Issue 3 Journals